USA per Last Letter Quiz Stats

 Plays Quiz not verified by Sporcle

Challenge
Share
Tweet
Embed
Score 0/17 Timer 02:00
0 Plays Today
Last Letter State or State Capital % Correct
AAlabama, Alaska, Arizona...
98.8%
EBaton Rouge, Boise, Cheyenne...
94.3%
NAustin, Boston, Charleston...
87.6%
DConcord, Hartford, Maryland...
87.3%
SAnnapolis, Arkansas, Des Moines...
86.6%
YAlbany, Carson City, Kentucky...
86.4%
OColorado, Idaho, New Mexico...
86.1%
IHawaii, Mississippi, Missouri...
78.9%
KBismarck, Little Rock, New York...
73%
Last Letter State or State Capital % Correct
GHarrisburg, Lansing, Wyoming
71.7%
HRaleigh, Utah
71.2%
TConnecticut, Frankfort, Vermont
66.3%
UHonolulu, Juneau
57.8%
XPhoenix
53.1%
RDenver, Dover, Montpelier...
50.1%
MSalem
47.6%
LSaint Paul
31.3%

You're not logged in!

Compare scores with friends on all Sporcle quizzes.
Join for Free
OR
Log In

You Might Also Like...

Show Comments

Extras

Top Quizzes Today


Score Distribution

Your Account Isn't Verified!

In order to create a playlist on Sporcle, you need to verify the email address you used during registration. Go to your Sporcle Settings to finish the process.

Report this User

Report this user for behavior that violates our Community Guidelines.

Details: